000 00446ntaaa2200181 4500
003 01
005 20251027202842.0
008 0714s1973 ag 01
040 _aAR-BaBN
_bspa
_cAR-BaBN
_eaacr
_dRIC
082 _a269.0000 Ar2
100 _aArchibald, Arthur C
_918403
245 _aNew Testament evangelism
250 _a1 ed.
260 _aPhiladelphia :
_bJudson Press,
_cc1946
300 _a149 p
650 _aevangelismo
_9336
942 _cBK
999 _c23912
_d23912